000 00863nam0a2200253 4500
001 RU\NLR\bibl\1963422
005 20250616205258.0
035 _a(NLR-PROSOFT)rc\3107129
035 _a(NLR Aleph) 001952406
090 _a3713325
_c3713325
100 _a20110914d1931 |||y0rusy50 ca
101 0 _arus
102 _aRU
105 _ay z |||||
200 1 _aРаботницы и колхозницы в ряды ОЗЕТа!
_fС. Блюмберг
210 _aМосква
_cизд-во ЦС ОЗЕТ
_d1931
_gтип. изд-ва "Дер эмес"
215 _a8 с.
_d18х13
325 1 _aМикрофильм РНБ Репроцентр Санкт-Петербург, 2012. Шифр: Мф К1/34895
700 1 _aБлюмберг
_bС.
801 0 _aRU
_bNLR
_c20110914
801 1 _aRU
_bNLR
_c20121102
852 _aNLR
_j31-8/4728
942 _cBOOK
980 _aNB